000 00810cam a22002411 4500
001 med48001358
003 DLC
005 20260227111611.0
008 771206s1947 nyu 000 0 eng
010 _amed48001358
035 _a(OCoLC)3468402
040 _aDLC
_cNWM
_dDLC
042 _apremarc
050 0 0 _aQP535.C9
_bC57
110 2 _aCopper & Brass Research Association (U.S.)
245 1 0 _aCopper and health.
260 _aNew York
_c[1947]
300 _a47 p.
_c23 cm.
500 _a"Much of the information ... was compiled by Dr. R. R. Sayers ... when he was serving as chief of the Division of industrial hygiene, United States Public health service.
500 _aBibliographical footnotes.
650 0 _aCopper
_xPhysiological effect.
700 1 _aSayers, R. R.
_q(Royd Ray),
_d1885-1965.
999 _c39014
_d39014